00848 2200325 4500001002100000005001500021035002000036007000300056040001700059100003500076245002700111250001200138300002900150020001800179041000800197082000800205084001400213090001900227264004400246336002100290337003000311338002300341500001600364650001100380700004200391850001000433008004100443990001900484990001900503INLIS00000000000765720260601091754 a0010-0922000146ta aSBPUPADbind0 aCahyono, Rakhmat H.ePengarang1 aLuweng /cYoppie Rizal a.-cet.1 a122 hlm :bilus. ;c20cm a979-3654-97-x aind a813 a813 RAC l a813 RAC l 24-7 a.--Jakarta :bRachmat H. Cahyono,c2005 2rdacontentateks 2rdamediaatanpa perantara 2rdacarrieravolume a121-122 hlm 4aCerpen aEditor, Rachmat H. CahyonoePengarang aPUPAD260601 1  a350/BR/KAPD/11 a351/BR/KAPD/11